000
00233nam a22001217a 4500
003
SGT
082
_a
823
_b
AUS
100
_a
AUSTEN JANE
245
_a
EMMA
260
_a
INDIA
_b
LEXICON PUB
_c
2011
300
_a
432
942
_2
ddc
_c
BK
999
_c
33465
_d
33465